000 00708cab a22001935a 4500
001 L153824
008 110912s2011 xxka f 000 0 eng d
035 _a(Sirsi) u153824
041 0 _aeng
100 1 _aBattrick, Paul
245 0 4 _aThe rainbow suite
_bthe 1999 FIDIC contracts
_bpart 1
260 _c2011
490 _aCivil Engineering Surveyor
_vSeptember 2011, 19-21(3)
520 _aIntroduction to the organisation International Federation of Consulting Engineers (FIDIC) and the 1999 suite of contracts, the red book, the yellow book, the silver book, the green book.
651 4 _aInternational
690 _aBUILT ENVIRONMENT-BUILDING CONTRACT FORMS
700 1 _aDuggan, Phil
942 _n0
999 _c83389
_d83389